[Event "SR 3. liga A2 2014/2015"]
[Site "?"]
[Date "2014.11.16"]
[Round "3.6"]
[White "Mackovic, Matus"]
[Black "Mosny, Jaroslav"]
[Result "1/2-1/2"]
[WhiteElo "1949"]
[BlackElo "1998"]
[PlyCount "62"]
[EventDate "2015.??.??"]

1. e4 e5 2. Nf3 d6 3. d4 exd4 4. Nxd4 g6 5. c4 Bg7 6. Nc3 Nc6 7. Be3 Nf6 8. Be2
O-O 9. O-O Re8 10. f3 a6 11. Qd2 Bd7 12. Nd5 Nxd5 13. cxd5 Nxd4 14. Bxd4 Rc8
15. Bxg7 Kxg7 16. Rac1 f5 17. Bd3 Qf6 18. Kh1 fxe4 19. fxe4 Qe5 20. Qb4 b5 21.
Rc2 c5 22. dxc6 Bxc6 23. Rd2 Rf8 24. Rfd1 d5 25. exd5 Bxd5 26. Re2 Qf6 27. h3
Rce8 28. Rde1 Rxe2 29. Rxe2 Qf1+ 30. Kh2 Qf4+ 31. Qxf4 Rxf4 1/2-1/2

[Event "SR 3. liga A2 2014/2015"]
[Site "?"]
[Date "2014.11.16"]
[Round "3.6"]
[White "Krist, Milan"]
[Black "Slobodnik, Michal"]
[Result "0-1"]
[WhiteElo "1913"]
[BlackElo "1958"]
[PlyCount "62"]
[EventDate "2015.??.??"]

1. d4 Nf6 2. c4 e5 3. d5 Bc5 4. e3 d6 5. Nc3 Bf5 6. h3 e4 7. a3 a5 8. Nge2 O-O
9. Ng3 Bg6 10. b3 Re8 11. Bb2 Nbd7 12. Be2 Ne5 13. O-O Nd3 14. Qd2 Nxb2 15.
Qxb2 h5 16. Bd1 Qe7 17. Na4 Ba7 18. b4 c6 19. dxc6 bxc6 20. Ne2 d5 21. Nf4 Bb8
22. Nxg6 fxg6 23. Rb1 g5 24. g3 h4 25. g4 axb4 26. axb4 Qc7 27. f4 exf3 28.
Rxf3 d4 29. c5 dxe3 30. Bb3+ Kh8 31. Nb6 e2 0-1

[Event "SR 3. liga A2 2014/2015"]
[Site "?"]
[Date "2014.11.16"]
[Round "3.6"]
[White "Lopatievov, Alexander"]
[Black "Puskas, Miroslav"]
[Result "0-1"]
[WhiteElo "1926"]
[BlackElo "1884"]
[PlyCount "112"]
[EventDate "2015.??.??"]

1. b4 e5 2. Bb2 e4 3. c4 Nf6 4. a3 c5 5. Qb3 Nc6 6. Bc3 d5 7. cxd5 Qxd5 8. Qxd5
Nxd5 9. bxc5 f6 10. e3 Bxc5 11. Bb5 O-O 12. Ne2 Kh8 13. d4 exd3 14. Bxd3 Bg4
15. h3 Bh5 16. Ng3 Bf7 17. Ne4 Be7 18. O-O Rad8 19. Bb5 Nxc3 20. Nbxc3 Na5 21.
Ba4 a6 22. Rfd1 f5 23. Ng3 Bf6 24. Rac1 b5 25. Bxb5 axb5 26. Nxb5 g6 27. Nd6
Bb3 28. Rd2 Be7 29. Rc5 Nc4 30. Rxc4 Bxc4 31. Nxc4 Rxd2 32. Nxd2 Bxa3 33. Ndf1
Rd8 34. f4 Bc5 35. Kf2 h5 36. Ne2 Kg7 37. h4 Rd3 38. Nc1 Rc3 39. Ne2 Ra3 40.
Kf3 Kf6 41. Neg3 Ke6 42. Ne2 Kd5 43. Ng1 Be7 44. g3 Bc5 45. Nh3 Ra1 46. Ke2 Bb4
47. Ng5 Rc1 48. Nf3 Rc2+ 49. Kd3 Rf2 50. N1h2 Ba5 51. g4 hxg4 52. Nxg4 Rxf3 53.
Ne5 Rg3 54. Nd7 Bd8 55. Ne5 Bxh4 56. Nc4 g5 {time} 0-1

[Event "SR 3. liga A2 2014/2015"]
[Site "?"]
[Date "2014.11.16"]
[Round "3.6"]
[White "Holicky, Miroslav"]
[Black "Mackovic, Miroslav"]
[Result "1-0"]
[WhiteElo "1807"]
[BlackElo "1846"]
[PlyCount "99"]
[EventDate "2015.??.??"]

1. d4 Nf6 2. c4 g6 3. g3 Bg7 4. Bg2 O-O 5. Nc3 d6 6. e3 Nc6 7. Nge2 a6 8. O-O
Rb8 9. Rb1 Na5 10. Qd3 c5 11. Rd1 Bd7 12. b4 cxb4 13. Rxb4 Qc7 14. Nf4 e6 15.
a4 Rfc8 16. Bf1 Bf8 17. Bd2 d5 18. c5 Nc4 19. Rdb1 Bc6 20. Bg2 Qd7 21. Bc1 b6
22. e4 a5 23. R4b3 Bxa4 24. Nxa4 Qxa4 25. exd5 Rd8 26. d6 Nxd6 27. cxd6 Rxd6
28. Be3 e5 29. Ne2 Nd7 30. d5 f5 31. Nc3 Qg4 32. Nb5 Rf6 33. h3 Qh5 34. d6 g5
35. Qc4+ Kg7 36. Qc7 Qe8 37. Bxg5 Rg6 38. Be3 Rc8 39. Qb7 Kf6 40. Nc7 Qd8 41.
Bxb6 Nxb6 42. Rxb6 Kg5 43. Bd5 Qd7 44. Bc6 Qd8 45. Ne8 Bxd6 46. Qxh7 f4 47. h4+
Kf5 48. Bd7+ Ke4 49. Qxg6+ Kf3 50. Qd3# 1-0

[Event "SR 3. liga A2 2014/2015"]
[Site "?"]
[Date "2014.11.16"]
[Round "3.6"]
[White "Capanda, Jan"]
[Black "Hornik, Andrej"]
[Result "1-0"]
[WhiteElo "1762"]
[BlackElo "1674"]
[PlyCount "117"]
[EventDate "2015.??.??"]

1. e4 e5 2. Nf3 Nc6 3. Bc4 Bc5 4. Nc3 Nf6 5. d3 h6 6. a3 d6 7. h3 O-O 8. Na4
Bb6 9. Nxb6 axb6 10. O-O Re8 11. Nh2 Qe7 12. f4 exf4 13. Bxf4 Ne5 14. Ba2 Ng6
15. Bd2 Be6 16. Qf3 Bxa2 17. Rxa2 d5 18. exd5 Qc5+ 19. Kh1 Qxd5 20. Raa1 Qxf3
21. Nxf3 Nd5 22. Rf2 c5 23. Raf1 f6 24. Ng1 Re6 25. Ne2 Rae8 26. Nc3 Nxc3 27.
Bxc3 Re2 28. Kh2 R8e3 29. Bd2 Re6 30. g3 Ne5 31. Kg2 Nc6 32. Rxe2 Rxe2+ 33. Rf2
Rxf2+ 34. Kxf2 Kf7 35. Ke3 Nd4 36. c3 Nf5+ 37. Kf4 Ke6 38. g4 g5+ 39. Ke4 Nd6+
40. Kf3 f5 41. Be3 f4 42. Bf2 Kd5 43. b4 c4 44. dxc4+ Nxc4 45. a4 Nd2+ 46. Ke2
Ne4 47. Bd4 Kc4 48. Bg7 Ng3+ 49. Kf3 h5 50. Bf6 hxg4+ 51. hxg4 Nf1 52. Bxg5
Kxc3 53. Bxf4 Kxb4 54. g5 Kxa4 55. g6 b5 56. g7 b4 57. g8=Q b3 58. Qc4+ Ka3 59.
Qxf1 1-0

[Event "SR 3. liga A2 2014/2015"]
[Site "?"]
[Date "2014.11.30"]
[Round "4.1"]
[White "Horak, Ivan"]
[Black "Lukac, Tomas"]
[Result "1/2-1/2"]
[WhiteElo "2070"]
[BlackElo "2049"]
[PlyCount "73"]
[EventDate "2015.??.??"]

1. e4 e5 2. Nf3 Nc6 3. Bc4 Bc5 4. O-O Nf6 5. Nc3 d6 6. h3 Be6 7. Bb3 Nd4 8. d3
Nxb3 9. axb3 h6 10. Na4 Bb6 11. Nxb6 axb6 12. Bd2 O-O 13. Qe2 c5 14. c4 Qd7 15.
Nh2 Nh7 16. g4 g5 17. b4 Ra4 18. b5 Rfa8 19. Rab1 Nf8 20. h4 f6 21. Kg2 Ng6 22.
hxg5 hxg5 23. Rh1 Kg7 24. f3 Bf7 25. Nf1 Ra1 26. Ng3 Nh4+ 27. Kf2 Rxb1 28. Rxb1
Rh8 29. Ke3 Qc8 30. Ra1 Bg6 31. Bc3 Kf7 32. Kd2 Qb8 33. Kc2 Ke6 34. Kb3 Bf7 35.
Bd2 Ng6 36. Nf5 Ne7 37. Nxe7 1/2-1/2

[Event "SR 3. liga A2 2014/2015"]
[Site "?"]
[Date "2014.11.30"]
[Round "4.1"]
[White "Kozinka, Roman"]
[Black "Sefcik, Marek"]
[Result "1/2-1/2"]
[WhiteElo "2001"]
[BlackElo "2043"]
[PlyCount "177"]
[EventDate "2015.??.??"]

1. e4 d6 2. d4 Nf6 3. Nc3 e5 4. Nf3 Nbd7 5. Be2 Be7 6. h3 c6 7. Be3 Qc7 8. a4
a5 9. O-O O-O 10. Re1 Re8 11. Bc4 h6 12. Qd2 Bf8 13. Rad1 exd4 14. Bxd4 Ne5 15.
Be2 Nxf3+ 16. Bxf3 Nd7 17. Re3 Nc5 18. Bxc5 dxc5 19. b3 Be6 20. Bg4 Bxg4 21.
hxg4 Rad8 22. Rd3 Rxd3 23. Qxd3 Qe5 24. g3 Be7 25. Qf3 Bf6 26. Rd3 Qe6 27. Qf5
Bd4 28. Kg2 Qe5 29. Qxe5 Rxe5 30. f4 Re8 31. Kf3 Bxc3 32. Rxc3 b6 33. Rd3 Kf8
34. e5 Ke7 35. Rd6 Rc8 36. Ke4 Rc7 37. f5 f6 38. Re6+ Kf7 39. Rd6 Ke7 40. Re6+
Kf7 41. Rd6 Ke7 42. Rd3 fxe5 43. Kxe5 b5 44. Rc3 c4 45. bxc4 bxa4 46. Ra3 Rd7
47. Rxa4 Rd2 48. Rxa5 Rxc2 49. Ra7+ Kf8 50. Ke6 Kg8 51. Ra4 Rd2 52. Ra8+ Kh7
53. Ra7 Kg8 54. Ke5 Rd3 55. Rc7 Rxg3 56. Kf4 Rd3 57. Rxc6 Rd4+ 58. Kg3 Kf7 59.
Kh4 Rd1 60. c5 Rd4 61. Rc8 Rc4 62. c6 Rc1 63. Kg3 Kf6 64. c7 Rc3+ 65. Kf4 Rc4+
66. Ke3 Kg5 67. f6 Kg6 68. Kf3 Kf7 69. Kg3 Kg6 70. Kh4 Rc5 71. Kg3 Rc4 72. Kf3
Kf7 73. Ke3 Kg6 74. Kd3 Rc1 75. Ke4 Kf7 76. Kd5 Rd1+ 77. Kc6 Rc1+ 78. Kd7 Rd1+
79. Kc6 Rc1+ 80. Kd5 Rd1+ 81. Ke4 Re1+ 82. Kf5 Rf1+ 83. Ke4 Re1+ 84. Kf4 Rf1+
85. Kg3 Rg1+ 86. Kf2 Rc1 87. fxg7 Kxg7 88. Kg3 Rg1+ 89. Kf2 1/2-1/2

[Event "SR 3. liga A2 2014/2015"]
[Site "?"]
[Date "2014.11.30"]
[Round "4.1"]
[White "Chabada, Tomas"]
[Black "Horecky, Peter"]
[Result "1-0"]
[WhiteElo "1987"]
[BlackElo "1985"]
[PlyCount "59"]
[EventDate "2015.??.??"]

1. e4 g6 2. d4 d6 3. Nc3 Bg7 4. Be3 c6 5. Qd2 b5 6. f4 Nf6 7. Bd3 Ng4 8. Nf3
Nxe3 9. Qxe3 Qb6 10. e5 O-O 11. O-O Bg4 12. Rae1 Na6 13. h3 Bxf3 14. Rxf3 Nb4
15. Be4 Rad8 16. a3 dxe5 17. dxe5 Qxe3+ 18. Rexe3 Nd5 19. Bxd5 cxd5 20. Nxb5
Rb8 21. Rb3 Rfc8 22. Nxa7 Rxb3 23. Nxc8 Rxb2 24. Nxe7+ Kf8 25. Nxd5 Rxc2 26.
Rd3 Ke8 27. g4 h5 28. Kf1 hxg4 29. hxg4 Bh6 30. Nf6+ 1-0

[Event "SR 3. liga A2 2014/2015"]
[Site "?"]
[Date "2014.11.30"]
[Round "4.1"]
[White "Mackovic, Matus"]
[Black "Kovarik, Oto"]
[Result "0-1"]
[WhiteElo "1949"]
[BlackElo "1926"]
[PlyCount "84"]
[EventDate "2015.??.??"]

1. e4 c5 2. Nf3 e6 3. d4 cxd4 4. Nxd4 Nc6 5. Nc3 a6 6. Be2 d6 7. Be3 Be7 8. Qd2
Nf6 9. f4 O-O 10. O-O-O Qc7 11. g4 Nd7 12. f5 Nc5 13. Rdf1 b5 14. a3 Bb7 15.
Nxc6 Bxc6 16. Bf3 a5 17. Qg2 b4 18. Nb1 Rac8 19. Bxc5 dxc5 20. h4 c4 21. axb4
axb4 22. c3 Qf4+ 23. Qd2 Bd6 24. Qxf4 Bxf4+ 25. Kd1 Rfd8+ 26. Ke2 bxc3 27. bxc3
Ba4 28. Kf2 Bc2 29. Re1 Bxb1 30. Rxb1 Rd3 31. Rbd1 Rxc3 32. Rd7 Rd3 33. Rxd3
cxd3 34. Rd1 Rc2+ 35. Kf1 Rc3 36. Kf2 h6 37. h5 e5 38. Bg2 Bc1 39. Bf1 d2 40.
Bg2 Kf8 41. Bf3 Ke7 42. Rg1 Kf6 0-1

[Event "SR 3. liga A2 2014/2015"]
[Site "?"]
[Date "2014.11.30"]
[Round "4.1"]
[White "Husek, Lubomir"]
[Black "Lopatievov, Alexander"]
[Result "1-0"]
[WhiteElo "1854"]
[BlackElo "1926"]
[PlyCount "117"]
[EventDate "2015.??.??"]

1. e4 d6 2. d4 Nf6 3. Nc3 c6 4. Nf3 Bg4 5. Be2 e6 6. O-O Be7 7. Be3 O-O 8. Nd2
Bxe2 9. Qxe2 Nbd7 10. f4 e5 11. a3 a6 12. Rad1 Qc7 13. Nb3 Rfe8 14. dxe5 dxe5
15. f5 c5 16. Qf3 b5 17. Rd2 c4 18. Nc1 Bc5 19. N1e2 Qb6 20. Bxc5 Qxc5+ 21. Kh1
a5 22. Nd5 b4 23. Rfd1 Rab8 24. axb4 axb4 25. Nxf6+ Nxf6 26. Rd6 Rb6 27. Rd8
Qe7 28. Rxe8+ Nxe8 29. b3 Rd6 30. Ng3 Rxd1+ 31. Qxd1 Qd6 32. Qe2 cxb3 33. cxb3
Qd4 34. h3 h6 35. Qf3 Nf6 36. Qe2 Qc3 37. Qf3 Qc2 38. Kh2 Kf8 39. Kg1 Nd7 40.
Nh5 Nc5 41. Qg3 Qd1+ 42. Kh2 Qxh5 43. Qxe5 Nxb3 44. Qd6+ Kg8 45. Qxb4 Qd1 46.
Qb8+ Kh7 47. Qc7 Nd2 48. Qxf7 Nf1+ 49. Kg1 Ng3+ 50. Kh2 Qd6 51. Qg6+ Qxg6 52.
fxg6+ Kxg6 53. Kxg3 Kf6 54. Kf3 Ke5 55. Ke3 g6 56. g3 h5 57. h4 Kf6 58. Kf4 Ke6
59. Kg5 1-0

[Event "SR 3. liga A2 2014/2015"]
[Site "?"]
[Date "2014.11.30"]
[Round "4.1"]
[White "Mackovic, Miroslav"]
[Black "Holiencin, Filip"]
[Result "1-0"]
[WhiteElo "1846"]
[BlackElo "1845"]
[PlyCount "93"]
[EventDate "2015.??.??"]

1. e4 c5 2. Nf3 d6 3. d4 cxd4 4. Nxd4 Nf6 5. Nc3 a6 6. Be2 e5 7. Nb3 Be6 8. Bg5
Nbd7 9. Qd2 Be7 10. Rd1 b5 11. a3 O-O 12. O-O Rc8 13. f3 Qc7 14. Be3 Nb6 15. g4
d5 16. g5 d4 17. gxf6 dxe3 18. Qxe3 Bxf6 19. Kh1 Rfd8 20. Rxd8+ Rxd8 21. Nc5
Qc8 22. Nxe6 Qxe6 23. Rd1 Rxd1+ 24. Nxd1 Nc4 25. Bxc4 Qxc4 26. Qd3 Qc6 27. Ne3
g6 28. Nd5 Bh4 29. Qc3 Qxc3 30. Nxc3 Be1 31. Nd5 a5 32. Kg2 Bd2 33. b3 a4 34.
bxa4 bxa4 35. Nc7 Bc3 36. Nb5 Bb2 37. Kf2 f5 38. c4 Kf7 39. Ke2 f4 40. Kd2 g5
41. h3 Ke6 42. Kc2 h5 43. Kxb2 g4 44. fxg4 hxg4 45. hxg4 f3 46. Nc7+ Kf7 47.
Nd5 1-0

[Event "SR 3. liga A2 2014/2015"]
[Site "?"]
[Date "2014.11.30"]
[Round "4.1"]
[White "Vach, Jozef"]
[Black "Gajarsky, Julius"]
[Result "0-1"]
[WhiteElo "1778"]
[BlackElo "1798"]
[PlyCount "166"]
[EventDate "2015.??.??"]

1. d4 Nf6 2. c4 e6 3. Nc3 b6 4. e4 d6 5. Bg5 Be7 6. Nf3 Bb7 7. Qc2 h6 8. Bh4
O-O 9. Be2 Nbd7 10. O-O Nh5 11. Bxe7 Qxe7 12. Rfe1 Nf4 13. Bf1 f5 14. d5 fxe4
15. Rxe4 e5 16. Rae1 Qf7 17. R4e3 Qh5 18. Ne4 Nf6 19. Ng3 Qf7 20. h3 Bc8 21.
Kh2 N6h5 22. Rd1 a5 23. b3 Bd7 24. a3 Kh8 25. Rd2 Nxg3 26. Kxg3 Bf5 27. Qd1 Qh5
28. Ng1 Qg6+ 29. Kh2 Qf6 30. g3 Ng6 31. Bg2 Rf7 32. Rf3 Qe7 33. Qe1 Raf8 34.
Re3 Qd8 35. Ree2 Qg5 36. Re3 Qd8 37. Rde2 Ne7 38. f4 Ng6 39. fxe5 Nxe5 40. Nf3
Nxf3+ 41. Rxf3 Bd7 42. Rfe3 Kg8 43. h4 a4 44. b4 Bg4 45. Re8 Qf6 46. R2e7 Rxe7
47. Rxe7 Qf2 48. Qxf2 Rxf2 49. Kg1 Ra2 50. Rxc7 Rxa3 51. Be4 Rxg3+ 52. Kf2 Rb3
53. Bg6 a3 54. Re7 Rf3+ 55. Kg2 Rf6 56. Be4 Be2 57. Re8+ Rf8 58. Bh7+ Kxh7 59.
Rxf8 a2 60. Ra8 Bxc4 61. Kg3 Bxd5 62. Ra7 Kg6 63. Kg4 Kf6 64. Kf4 g5+ 65. hxg5+
hxg5+ 66. Ke3 Bc4 67. Kd4 b5 68. Ra6 Kf5 69. Kc3 d5 70. Ra8 g4 71. Kb2 d4 72.
Rf8+ Ke4 73. Re8+ Kf3 74. Rd8 g3 75. Rf8+ Kg2 76. Rd8 Kf1 77. Rf8+ Ke1 78. Re8+
Kf1 79. Rf8+ Kg1 80. Ra8 g2 81. Ra6 Bd5 82. Ka1 Kf2 83. Rf6+ Bf3 0-1

[Event "SR 3. liga A2 2014/2015"]
[Site "?"]
[Date "2014.11.30"]
[Round "4.2"]
[White "Abel, Peter"]
[Black "Sturdik, Igor"]
[Result "1-0"]
[WhiteElo "2174"]
[BlackElo "1990"]
[PlyCount "93"]
[EventDate "2015.??.??"]

1. c4 Nf6 2. Nc3 g6 3. g3 Bg7 4. Bg2 O-O 5. Nf3 d6 6. d4 Nbd7 7. O-O e5 8. e4
exd4 9. Nxd4 Nc5 10. h3 Re8 11. Re1 a5 12. Kh2 a4 13. Rb1 c6 14. Bf4 Ne6 15.
Be3 Nxd4 16. Bxd4 Be6 17. Bf1 Qa5 18. f4 Qb4 19. a3 Qb3 20. Qxb3 axb3 21. Rbd1
c5 22. Bxf6 Bxf6 23. e5 dxe5 24. fxe5 Bg7 25. Nb5 Re7 26. Nd6 Rd8 27. Rd3 f6
28. Rxb3 fxe5 29. Rxb7 Red7 30. Rxd7 Rxd7 31. Ne4 Rd4 32. b3 Bf5 33. Bg2 Bxe4
34. Bxe4 Rd2+ 35. Kh1 Rb2 36. Rb1 Ra2 37. b4 cxb4 38. axb4 Bf8 39. b5 Bd6 40.
b6 Re2 41. Bf3 Rf2 42. Bd5+ Kg7 43. b7 Bb8 44. Rb6 Rc2 45. Re6 Rb2 46. Re8 Bd6
47. Rd8 1-0

[Event "SR 3. liga A2 2014/2015"]
[Site "?"]
[Date "2014.11.30"]
[Round "4.2"]
[White "Kolenak, Matus"]
[Black "Stepanovic, Branislav"]
[Result "1/2-1/2"]
[WhiteElo "1977"]
[BlackElo "2003"]
[PlyCount "109"]
[EventDate "2015.??.??"]

1. e4 c5 2. Nf3 a6 3. c4 Nc6 4. d4 cxd4 5. Nxd4 g6 6. Nc3 Bg7 7. Be3 d6 8. Be2
Nf6 9. O-O O-O 10. Nc2 Be6 11. Rc1 Ne5 12. b3 Bd7 13. h3 Nc6 14. Qd2 Re8 15.
Rfd1 Qa5 16. a3 Ng4 17. b4 Qe5 18. hxg4 Qxc3 19. Qxc3 Bxc3 20. c5 Ne5 21. f3
dxc5 22. bxc5 Ba4 23. Bd4 Bxd4+ 24. Rxd4 Bxc2 25. Rxc2 Red8 26. Rb4 Rd7 27.
Rcb2 Ra7 28. R4b3 Rc7 29. Rc3 Nd7 30. Rbc2 Rc6 31. Bc4 e6 32. Bb3 Rc7 33. Kf2
Ne5 34. Ke3 Ra8 35. Kf4 Nc6 36. Ke3 Rac8 37. Bc4 Ne5 38. Be2 Nd7 39. c6 Nb8 40.
Bd3 Rxc6 41. Rxc6 Nxc6 42. e5 Kf8 43. Be4 Ke7 44. Bxc6 Rxc6 45. Rxc6 bxc6 46.
Kd4 Kd8 47. a4 a5 48. g5 Kc7 49. Kc5 Kb7 50. Kc4 Kb6 51. Kd4 c5+ 52. Kc4 Kc6
53. g3 Kb6 54. Kd3 Kc7 55. Kc3 1/2-1/2

[Event "SR 3. liga A2 2014/2015"]
[Site "?"]
[Date "2014.11.30"]
[Round "4.2"]
[White "Manak, Jozef"]
[Black "Bukovsky, Milan"]
[Result "0-1"]
[WhiteElo "1984"]
[BlackElo "1922"]
[PlyCount "128"]
[EventDate "2015.??.??"]

1. d4 Nf6 2. Nf3 b6 3. Bf4 Bb7 4. e3 e6 5. Be2 Be7 6. h3 O-O 7. O-O d6 8. Nbd2
Nbd7 9. a4 a5 10. c3 Re8 11. Qc2 Rc8 12. Bh2 d5 13. Bd3 g6 14. Ne5 Nxe5 15.
Bxe5 Nd7 16. Bh2 Nf6 17. f3 Bd6 18. e4 Bxh2+ 19. Kxh2 c5 20. dxc5 Rxc5 21. Nb3
Qb8+ 22. f4 Rcc8 23. e5 Nd7 24. Nd4 Nc5 25. Qe2 Nxd3 26. Qxd3 Qa8 27. Qg3 Ba6
28. Rf2 Qb8 29. h4 Kh8 30. Qg5 Qc7 31. Rh1 Qe7 32. Qg3 Rg8 33. Kg1 h5 34. Qf3
Qf8 35. g4 Qh6 36. Kh2 hxg4 37. Qxg4 Rg7 38. Rg2 Bd3 39. Rg3 Be4 40. Rhg1 Rh7
41. Rh3 Rg8 42. Qg5 Qxg5 43. fxg5 Kg7 44. Kg3 Rc8 45. Rc1 Rhh8 46. Nb5 Bf5 47.
Rh2 Rc4 48. Nd4 Rhc8 49. Ra1 Rh8 50. Rf2 Rh5 51. Rf4 Kf8 52. Rc1 Rh8 53. b3 Rc5
54. Nb5 Kg7 55. Nd6 d4 56. Rxd4 Rxe5 57. Nc4 Re2 58. Rf1 Rc2 59. Rf3 Rc8 60.
Rd6 b5 61. axb5 a4 62. Ne3 axb3 63. Nxc2 bxc2 64. Rf1 Rxc3+ 0-1

[Event "SR 3. liga A2 2014/2015"]
[Site "?"]
[Date "2014.11.30"]
[Round "4.2"]
[White "Doucha, Ludvik"]
[Black "Mihalik, Anton"]
[Result "1-0"]
[WhiteElo "2006"]
[BlackElo "1958"]
[PlyCount "75"]
[EventDate "2015.??.??"]

1. e4 c5 2. c4 e6 3. Nc3 Nc6 4. Nge2 Nf6 5. Nf4 Qc7 6. d3 a6 7. g3 Be7 8. Bg2
O-O 9. O-O d6 10. a3 Rb8 11. a4 Bd7 12. Rb1 Rfd8 13. h3 Nb4 14. Be3 Bc6 15. Qd2
d5 16. exd5 exd5 17. cxd5 Nbxd5 18. Nfxd5 Nxd5 19. Bxd5 Rxd5 20. Nxd5 Bxd5 21.
Bf4 Bd6 22. Bxd6 Qxd6 23. Qc3 Qc6 24. Kh2 Rc8 25. a5 Qd7 26. Rbe1 Be6 27. h4
Qd5 28. Re5 Qf3 29. d4 Qxc3 30. bxc3 cxd4 31. cxd4 Rd8 32. d5 Bd7 33. Rd1 Kf8
34. Rc1 f6 35. Re3 Bf5 36. Rc5 Rd7 37. d6 g6 38. Rc8+ 1-0

[Event "SR 3. liga A2 2014/2015"]
[Site "?"]
[Date "2014.11.30"]
[Round "4.2"]
[White "Nemsak, Denis"]
[Black "Mosny, Jaroslav"]
[Result "1-0"]
[WhiteElo "1957"]
[BlackElo "1998"]
[PlyCount "69"]
[EventDate "2015.??.??"]

1. c4 e5 2. Nc3 Nf6 3. g3 Bc5 4. Bg2 Nc6 5. e3 O-O 6. Nge2 d6 7. d4 Bb6 8. O-O
Bf5 9. Na4 Qd7 10. a3 Nd8 11. Nec3 exd4 12. exd4 c6 13. Nxb6 axb6 14. Bg5 Ne6
15. Bxf6 gxf6 16. Qd2 Kg7 17. Rad1 Ng5 18. h4 Ne6 19. d5 Nc5 20. dxc6 bxc6 21.
Qxd6 Qxd6 22. Rxd6 Bd3 23. Re1 Bxc4 24. Rxc6 Rab8 25. b4 Nd3 26. Re3 b5 27. Ne4
Ne5 28. Ra6 Ng4 29. Rc3 Rbd8 30. Nd6 Ne5 31. Nxc4 bxc4 32. b5 Rd1+ 33. Bf1 Rb8
34. a4 Nf3+ 35. Rxf3 1-0

[Event "SR 3. liga A2 2014/2015"]
[Site "?"]
[Date "2014.11.30"]
[Round "4.2"]
[White "Bahna, Jan"]
[Black "Curidlo, Jan"]
[Result "1/2-1/2"]
[WhiteElo "1940"]
[BlackElo "1889"]
[PlyCount "172"]
[EventDate "2015.??.??"]

1. e4 c5 2. Nc3 e6 3. g3 Nc6 4. Bg2 a6 5. a4 g6 6. Nge2 Bg7 7. d3 Nge7 8. Be3
d6 9. Qd2 O-O 10. O-O Qc7 11. Bh6 Ne5 12. h3 N7c6 13. Bxg7 Kxg7 14. f4 Nd7 15.
f5 Nf6 16. g4 Ng8 17. Ng3 f6 18. Rf2 Nd4 19. Raf1 d5 20. Nce2 dxe4 21. dxe4 e5
22. Nc3 Bd7 23. Nd5 Qd8 24. b3 b5 25. axb5 axb5 26. h4 Ra2 27. Qc3 Qb8 28. Ra1
Rxa1+ 29. Qxa1 Qb7 30. Qd1 b4 31. Bf1 Bb5 32. fxg6 hxg6 33. h5 g5 34. Nf5+ Nxf5
35. Rxf5 Bd7 36. Rf2 Nh6 37. Be2 Be6 38. Rg2 Qd7 39. Kh2 Rd8 40. Bf3 Rf8 41.
Kg3 Ng8 42. Rd2 Rd8 43. Rd3 Qc8 44. Nxb4 Rd4 45. Nd5 Bxd5 46. exd5 Qc7 47. Kh3
Ne7 48. c3 Rxd3 49. Qxd3 Qd6 50. c4 Kh6 51. Bd1 Qd7 52. Bc2 f5 53. gxf5 Kxh5
54. Qf3+ Kh6 55. Qg4 Ng8 56. Qg1 Qd6 57. Kg2 Nf6 58. Qh2+ Kg7 59. Qg3 Kh6 60.
Qe1 Kg7 61. Qa5 Nh5 62. Qa7+ Kf8 63. Qa8+ Ke7 64. Qg8 Nf4+ 65. Kf3 Qh6 66. f6+
Qxf6 67. Kg4 Ng2 68. Qxg5 Qxg5+ 69. Kxg5 Kd6 70. Be4 Nf4 71. Kg4 Ne2 72. Bf3
Nd4 73. Bd1 Ke7 74. Kg3 Nf5+ 75. Kf2 Kd6 76. Ke2 Ke7 77. Kd3 Kd6 78. Kc3 Ne3
79. Bf3 Nf5 80. b4 Nd4 81. Be4 Ne2+ 82. Kb3 Nd4+ 83. Ka4 Ne2 84. Ka5 Nc3 85.
Bh7 cxb4 86. Kxb4 Nxd5+ 1/2-1/2

[Event "SR 3. liga A2 2014/2015"]
[Site "?"]
[Date "2014.11.30"]
[Round "4.2"]
[White "Slaby, Jozef"]
[Black "Krist, Milan"]
[Result "1/2-1/2"]
[WhiteElo "1879"]
[BlackElo "1913"]
[PlyCount "59"]
[EventDate "2015.??.??"]

1. c4 c5 2. Nc3 Nf6 3. g3 e6 4. Bg2 Be7 5. e3 O-O 6. Nge2 Nc6 7. O-O d5 8. cxd5
exd5 9. d4 cxd4 10. Nxd4 Bb4 11. Nce2 Ba5 12. b3 Nxd4 13. Qxd4 Be6 14. Bb2 Bb6
15. Qd3 Rc8 16. Rac1 Qe7 17. Nd4 Rfd8 18. a4 a6 19. Rfd1 Rxc1 20. Rxc1 Rc8 21.
Rxc8+ Bxc8 22. Qc3 Qc5 23. Ne2 Qxc3 24. Bxc3 Ne4 25. Be5 Be6 26. Nf4 g5 27.
Nxe6 fxe6 28. Bxe4 dxe4 29. Kf1 g4 30. Bc3 1/2-1/2

[Event "SR 3. liga A2 2014/2015"]
[Site "?"]
[Date "2014.11.30"]
[Round "4.2"]
[White "Holicky, Miroslav"]
[Black "Verba, Vladimir"]
[Result "0-1"]
[WhiteElo "1807"]
[BlackElo "1789"]
[PlyCount "80"]
[EventDate "2015.??.??"]

1. d4 g6 2. c4 Bg7 3. Nf3 c5 4. d5 d6 5. Nc3 e6 6. e4 exd5 7. cxd5 Nf6 8. Be2
O-O 9. O-O a6 10. a4 Re8 11. Nd2 Nbd7 12. f4 Qc7 13. Qc2 Nb6 14. a5 Nbd7 15.
Nc4 b5 16. axb6 Nxb6 17. Ne3 Qe7 18. Bf3 c4 19. Bd2 Nfd7 20. Na4 Bd4 21. Rfe1
Qf6 22. g3 g5 23. Kg2 gxf4 24. Nf5 Nxa4 25. Qxa4 fxg3 26. hxg3 Bxb2 27. Rab1
Be5 28. Rh1 c3 29. Rh6 Qd8 30. Rbh1 Nc5 31. Qc2 Bxf5 32. exf5 cxd2 33. f6 Bxf6
34. Qxh7+ Kf8 35. Qf5 Re5 36. Qg4 Rg5 37. Qf4 Be5 38. Rh8+ Rg8 39. Qg5 Bxh8 40.
Rxh8 Rxh8 0-1

[Event "SR 3. liga A2 2014/2015"]
[Site "?"]
[Date "2014.11.30"]
[Round "4.3"]
[White "Cajka, Tibor"]
[Black "Veselsky, Jozef"]
[Result "1-0"]
[WhiteElo "2166"]
[BlackElo "2133"]
[PlyCount "67"]
[EventDate "2015.??.??"]

1. e4 c5 2. Nf3 d6 3. d4 cxd4 4. Nxd4 Nf6 5. Nc3 g6 6. Be3 Bg7 7. Bc4 O-O 8.
Bb3 Nc6 9. f3 a5 10. Qd2 Bd7 11. a3 Nxd4 12. Bxd4 b5 13. Bd5 Rc8 14. h4 b4 15.
Ne2 e5 16. Be3 Nxd5 17. exd5 Bf5 18. c3 bxc3 19. Nxc3 e4 20. g4 Rxc3 21. bxc3
Bd7 22. Bd4 exf3 23. Kf2 Re8 24. Kxf3 Bf8 25. h5 f5 26. hxg6 fxg4+ 27. Kg3 hxg6
28. Rh8+ Kf7 29. Rh7+ Kg8 30. Rah1 Re5 31. Rh8+ Kf7 32. R1h7+ Kf6 33. Rxd7 Qxd7
34. Qf4+ 1-0

[Event "SR 3. liga A2 2014/2015"]
[Site "?"]
[Date "2014.11.30"]
[Round "4.3"]
[White "Pribila, Gerhard"]
[Black "Gasa, Patrik"]
[Result "0-1"]
[WhiteElo "2060"]
[BlackElo "2074"]
[PlyCount "134"]
[EventDate "2015.??.??"]

1. e4 c5 2. c3 d6 3. d4 Nf6 4. Bd3 Nc6 5. Nf3 Bg4 6. d5 Bxf3 7. Qxf3 Ne5 8.
Bb5+ Nfd7 9. Qe2 a6 10. Ba4 b5 11. Bc2 g6 12. f4 Nc4 13. Nd2 Nxd2 14. Bxd2 Bg7
15. O-O O-O 16. Rad1 Qb6 17. Be3 Qa5 18. Bb1 Rab8 19. Kh1 b4 20. cxb4 Qxb4 21.
b3 a5 22. Rc1 Nb6 23. Bd2 Qa3 24. Rc2 a4 25. Bc1 Qb4 26. Bd2 Qa3 27. b4 c4 28.
Rf3 c3 29. Bxc3 Bxc3 30. Rcxc3 Qxb4 31. Bc2 Rbc8 32. Rxc8 Rxc8 33. h3 Qb2 34.
Bd3 Qxe2 35. Bxe2 Rc2 36. Bb5 Rxa2 37. Rc3 a3 38. Rc6 Rb2 39. Rxb6 a2 40. Ra6
Rb1+ 41. Kh2 a1=Q 42. Rxa1 Rxa1 43. Be2 Re1 44. Bf3 Kg7 45. Kg3 f5 46. Kf2 Ra1
47. e5 Ra3 48. g4 fxg4 49. Bxg4 h5 50. Be6 dxe5 51. fxe5 g5 52. Bf5 Kf8 53. d6
exd6 54. exd6 Ke8 55. Bg6+ Kd7 56. Bxh5 Kxd6 57. Bg4 Ke5 58. Kg2 Kf4 59. Kf2
Ra2+ 60. Be2 Rb2 61. Kf1 Kg3 62. Bg4 Rb1+ 63. Ke2 Rh1 64. Bc8 Rxh3 65. Bxh3
Kxh3 66. Kf2 g4 67. Kg1 Kg3 0-1

[Event "SR 3. liga A2 2014/2015"]
[Site "?"]
[Date "2014.11.30"]
[Round "4.3"]
[White "Sebesta, Radovan"]
[Black "Ambros, Rafael"]
[Result "1/2-1/2"]
[WhiteElo "2048"]
[BlackElo "1994"]
[PlyCount "28"]
[EventDate "2015.??.??"]

1. d4 d5 2. c4 e6 3. Nc3 c6 4. Nf3 dxc4 5. a4 Bb4 6. e3 b5 7. Be2 Bb7 8. O-O a6
9. Qc2 Nf6 10. Ne5 Nbd7 11. f4 O-O 12. Bf3 Qc7 13. Bd2 Be7 14. Rac1 Nb6 1/2-1/2

[Event "SR 3. liga A2 2014/2015"]
[Site "?"]
[Date "2014.11.30"]
[Round "4.3"]
[White "Kubis, Ivan"]
[Black "Lanik, Miroslav"]
[Result "0-1"]
[WhiteElo "1991"]
[BlackElo "1895"]
[PlyCount "66"]
[EventDate "2015.??.??"]

1. e4 c5 2. Nf3 d6 3. d4 cxd4 4. Nxd4 Nf6 5. Nc3 a6 6. Bg5 e6 7. f4 Nbd7 8. Qf3
Qc7 9. O-O-O b5 10. Bxb5 axb5 11. Ndxb5 Qb8 12. e5 Bb7 13. Qe2 dxe5 14. Qc4 Be7
15. Nc7+ Kf8 16. Rxd7 Nxd7 17. Rd1 Bd5 18. N7xd5 exd5 19. Nxd5 Bxg5 20. fxg5 g6
21. Rf1 Ra7 22. Nc7 f5 23. Ne6+ Ke7 24. Ng7 Qb6 25. Rd1 Rd8 26. g4 Rc7 27. Qd3
Kf7 28. Nxf5 gxf5 29. gxf5 Rdc8 30. c3 Qd4 31. Qxd4 exd4 32. Rxd4 Ne5 33. h4
Rc5 0-1